[Event "Austin AGCA GM"]
[Site "Austin"]
[Date "2024.01.14"]
[Round "7"]
[White "Narayanan, Samrug"]
[Black "Eidelman, Gabriel"]
[Result "1/2-1/2"]
[WhiteElo "2288"]
[BlackElo "2343"]
[PlyCount "219"]
[EventDate "2024.01.11"]
[EventType "tourn"]
[EventRounds "9"]
[EventCountry "USA"]
[EventCategory "7"]
[SourceTitle "CB04_2024"]
[SourceDate "2023.10.16"]
[SourceVersion "1"]
[SourceVersionDate "2023.10.16"]
[SourceQuality "1"]

1. e4 e5 2. Nf3 Nc6 3. Bb5 a6 4. Ba4 Nf6 5. 0-0 d6 6. Re1 g6 7. c3 Bg7 8. d4 Bd7 9. Nbd2 exd4 10. cxd4 0-0 11. h3 Nb4 12. Bxd7 Qxd7 13. Qb3 a5 14. a3 Nc6 15. Qd3 a4 16. Nf1 Na5 17. Bf4 b5 18. Ng3 Rfe8 19. Rad1 Rad8 20. Qc2 Nc4 21. Nd2 Nxd2 22. Bxd2 Rc8 23. Bc3 h5 24. Nf1 Re7 25. f3 c6 26. Ne3 Qa7 27. e5 Nd5 28. Nxd5 cxd5 29. Qf2 dxe5 30. dxe5 Qxf2+ 31. Kxf2 Rd7 32. f4 Rc4 33. Rd4 Bf8 34. Rxc4 dxc4 35. e6 Bc5+ 36. Kf1 Rb7 37. Re5 Be7 38. Ke2 fxe6 39. Rxe6 Kf7 40. Rc6 b4 41. axb4 Bxb4 42. Be5 Be7 43. Rxc4 Bf6 44. Rxa4 Bxe5 45. fxe5 Rxb2+ 46. Kf3 Ke6 47. Ra6+ Kxe5 48. Rxg6 Rb3+ 49. Kf2 Kf5 50. Rg8 Rb4 51. Rf8+ Kg5 52. g3 Rb2+ 53. Kg1 Rb1+ 54. Kg2 Rb2+ 55. Rf2 Rb4 56. Re2 Rb3 57. Re5+ Kg6 58. h4 Ra3 59. Re6+ Kg7 60. Kf2 Rb3 61. Re3 Rb5 62. Kf3 Kf6 63. Re4 Rb3+ 64. Kf4 Rb5 65. Ra4 Rb6 66. Rd4 Ra6 67. Ke3 Ra3+ 68. Kf4 Ra6 69. Rd3 Ra4+ 70. Ke3 Ra5 71. Rd6+ Kg7 72. Re6 Ra4 73. Kf3 Rb4 74. Re4 Rb5 75. Re6 Rb4 76. Ke3 Ra4 77. Re4 Ra5 78. Rd4 Ra3+ 79. Kf4 Ra5 80. Ke4 Ra3 81. Kf4 Ra5 82. Re4 Kf6 83. Re8 Ra4+ 84. Kf3 Ra3+ 85. Kg2 Kg6 86. Re5 Rb3 87. Kf2 Ra3 88. Re3 Ra4 89. Kf3 Kf5 90. Rd3 Ra5 91. Rd6 Ra3+ 92. Kg2 Ra5 93. Rh6 Ke4 94. Rg6 Rb5 95. Kh3 Ra5 96. Rf6 Ke5 97. Rf3 Ke4 98. Rf8 Ke5 99. Re8+ Kf5 100. Rg8 Ke4 101. Rg5 Rxg5 102. hxg5 Kf5 103. Kh4 Kg6 104. g4 hxg4 105. Kxg4 Kg7 106. Kh5 Kh7 107. g6+ Kg7 108. Kg5 Kg8 109. Kf5 Kg7 110. Kg5 1/2-1/2

[Event "Austin AGCA GM"]
[Site "Austin"]
[Date "2024.01.11"]
[Round "1"]
[White "Dudin, Gleb"]
[Black "Narayanan, Samrug"]
[Result "1/2-1/2"]
[WhiteElo "2533"]
[BlackElo "2288"]
[PlyCount "61"]
[EventDate "2024.01.11"]
[EventType "tourn"]
[EventRounds "9"]
[EventCountry "USA"]
[EventCategory "7"]
[SourceTitle "CB04_2024"]
[SourceDate "2023.10.16"]
[SourceVersion "1"]
[SourceVersionDate "2023.10.16"]
[SourceQuality "1"]

1. e4 e5 2. Nf3 Nc6 3. Bc4 Bc5 4. 0-0 Nf6 5. d3 0-0 6. a4 a5 7. h3 h6 8. Re1 d6 9. c3 Ne7 10. Nbd2 Ng6 11. Nf1 c6 12. Bb3 Bb6 13. Ng3 d5 14. exd5 Nxd5 15. d4 exd4 16. Nxd4 Bc7 17. Bd2 Ndf4 18. Re4 Qf6 19. Nh5 Nxh5 20. Qxh5 Bd7 21. Rae1 Rae8 22. Nf3 Rxe4 23. Rxe4 Qf5 24. Qxf5 Bxf5 25. Re1 Bd7 26. Be3 Re8 27. Rd1 Bc8 28. Nd2 Nf4 29. Nc4 Nd5 30. Bc5 Be6 31. Re1 1/2-1/2

[Event "Las Vegas 1000 GM op"]
[Site "Las Vegas"]
[Date "2023.06.11"]
[Round "6"]
[White "Schmakel, Sam A"]
[Black "Narayanan, Samrug"]
[Result "1-0"]
[WhiteElo "2416"]
[BlackElo "2297"]
[PlyCount "123"]
[EventDate "2023.06.08"]
[EventType "swiss"]
[EventRounds "9"]
[EventCountry "USA"]
[SourceTitle "CBM 214 Extra"]
[Source "ChessBase"]
[SourceDate "2023.07.31"]
[SourceVersion "1"]
[SourceVersionDate "2023.07.31"]
[SourceQuality "1"]

1. e4 e5 2. Nf3 Nc6 3. Bb5 Nf6 4. d3 Bc5 5. c3 d5 6. Nbd2 0-0 7. 0-0 a5 8. Bxc6 bxc6 9. Nxe5 Qe8 10. d4 dxe4 11. Re1 Bd6 12. Ndc4 Be6 13. Qe2 h6 14. h3 c5 15. Be3 cxd4 16. Bxd4 Be7 17. Nd2 c5 18. Be3 Bd5 19. Bf4 Qc8 20. Nec4 Qe6 21. b3 a4 22. Nf1 axb3 23. axb3 Bxc4 24. Qxc4 Qxc4 25. bxc4 Rxa1 26. Rxa1 Rd8 27. Ne3 Bf8 28. Be5 Ne8 29. g4 f6 30. Bg3 Rd7 31. h4 g6 32. Ra6 Kf7 33. Kf1 h5 34. gxh5 gxh5 35. Ke2 Ng7 36. Nd5 Ne6 37. f3 exf3+ 38. Kxf3 f5 39. Be5 Be7 40. Ne3 Bf6 41. Bxf6 Kxf6 42. Nd5+ Ke5 43. Ra1 f4 44. Re1+ Kf5 45. Rg1 Rd8 46. Nxf4 Rd2 47. Nxe6 Kxe6 48. Rg6+ Kd7 49. Rg5 Kc6 50. Rxh5 Rc2 51. Rh6+ Kd7 52. Ke4 Rd2 53. h5 Rg2 54. Rg6 Rh2 55. h6 Rh5 56. Ra6 Kc7 57. Kf4 Rh3 58. Kg4 Rh1 59. Kg5 Kb7 60. Rf6 Rh3 61. Kg6 Kc7 62. Kg7 1-0

[Event "New York Winter GM-C"]
[Site "New York"]
[Date "2023.01.14"]
[Round "4"]
[White "Yudasin, Leonid"]
[Black "Narayanan, Samrug"]
[Result "1-0"]
[WhiteElo "2393"]
[BlackElo "2278"]
[PlyCount "111"]
[EventDate "2023.01.12"]
[EventType "tourn"]
[EventRounds "9"]
[EventCountry "USA"]
[EventCategory "4"]
[SourceTitle "CBM 212 Extra"]
[Source "ChessBase"]
[SourceDate "2023.03.31"]
[SourceVersion "1"]
[SourceVersionDate "2023.03.31"]
[SourceQuality "1"]

1. e4 e6 2. d4 d5 3. exd5 exd5 4. Bd3 Bd6 5. Nf3 Ne7 6. 0-0 Nbc6 7. c3 Bg4 8. Re1 Qd7 9. Nbd2 0-0-0 10. b4 Rde8 11. Qa4 Kb8 12. b5 Nd8 13. Ba3 f6 14. Bxd6 Qxd6 15. Re3 Nc8 16. Rae1 Rxe3 17. Rxe3 h5 18. Qb3 g5 19. h4 Bxf3 20. Nxf3 gxh4 21. Nxh4 Rg8 22. Qd1 Qa3 23. Qxh5 Qxc3 24. Qxd5 Rh8 25. Ng6 Nb6 26. Qc5 Qa1+ 27. Bf1 Rg8 28. Re7 Ka8 29. Nf4 c6 30. Ne6 Nxe6 31. Rxe6 cxb5 32. Qxb5 Rc8 33. Rxf6 Qxd4 34. Qf5 Qd8 35. Rf7 Na4 36. Qd7 Qxd7 37. Rxd7 Kb8 38. g4 Rg8 39. Be2 Nc5 40. Re7 Kc8 41. f4 Kd8 42. Rf7 Re8 43. Bf3 Re1+ 44. Kg2 Ra1 45. Bxb7 Rxa2+ 46. Kg3 Ke8 47. Rh7 Ra3+ 48. Kh4 a5 49. f5 Rd3 50. Bc6+ Kf8 51. Ra7 Rd6 52. Bf3 a4 53. g5 Rd3 54. Ra8+ Kg7 55. f6+ Kh7 56. Kh5 1-0

[Event "New York Winter GM-C"]
[Site "New York"]
[Date "2023.01.13"]
[Round "3"]
[White "Narayanan, Samrug"]
[Black "Dukic, Zachary"]
[Result "1-0"]
[WhiteElo "2278"]
[BlackElo "2226"]
[PlyCount "137"]
[EventDate "2023.01.12"]
[EventType "tourn"]
[EventRounds "9"]
[EventCountry "USA"]
[EventCategory "4"]
[SourceTitle "CBM 212 Extra"]
[Source "ChessBase"]
[SourceDate "2023.03.31"]
[SourceVersion "1"]
[SourceVersionDate "2023.03.31"]
[SourceQuality "1"]

1. e4 c5 2. Nf3 Nc6 3. d4 cxd4 4. Nxd4 Nf6 5. Nc3 e5 6. Ndb5 d6 7. Bg5 a6 8. Na3 b5 9. Nd5 Be7 10. Bxf6 Bxf6 11. c4 b4 12. Nc2 0-0 13. g3 a5 14. Bg2 Be6 15. 0-0 a4 16. b3 Qb8 17. Nxf6+ gxf6 18. Qd2 Kg7 19. f4 Qb6+ 20. Kh1 h6 21. f5 Bc8 22. Qe2 Rh8 23. Rad1 axb3 24. axb3 Ra2 25. Rxd6 Bb7 26. Rfd1 h5 27. h4 Rb2 28. R1d3 Qa7 29. Rd7 Qa2 30. Rd2 Ba8 31. Nxb4 Qb1+ 32. Kh2 Rxd2 33. Qxd2 Nxb4 34. Qxb4 Bxe4 35. Qe7 Rf8 36. Rd6 Bxf5 37. Qxf6+ Kg8 38. Qxe5 Bg6 39. Qc3 Re8 40. c5 Kh7 41. Qf3 Rb8 42. Rd1 Qb2 43. c6 Rxb3 44. Qf4 Rb4 45. Qd2 Qxd2 46. Rxd2 Rc4 47. Rd6 Kg7 48. Kg1 Be4 49. Bxe4 Rxe4 50. Kf2 Rc4 51. Ke3 Kf8 52. Kd3 Rc1 53. Kd4 Ke7 54. Rh6 Rg1 55. Rxh5 Rxg3 56. Rd5 Rg4+ 57. Kc5 Rxh4 58. c7 Rh1 59. Rd8 Rc1+ 60. Kb6 f5 61. c8Q Rxc8 62. Rxc8 Kd6 63. Rd8+ Ke5 64. Kc5 Ke4 65. Kc4 Ke3 66. Kc3 f4 67. Re8+ Kf2 68. Kd2 f3 69. Rf8 1-0

[Event "US Masters op"]
[Site "Charlotte"]
[Date "2022.11.27"]
[Round "8"]
[White "Nagy, Gabor"]
[Black "Narayanan, Samrug"]
[Result "1-0"]
[WhiteElo "2482"]
[BlackElo "2340"]
[PlyCount "91"]
[EventDate "2022.11.23"]
[EventType "swiss"]
[EventRounds "9"]
[EventCountry "USA"]
[SourceTitle "CBM 211 Extra"]
[Source "ChessBase"]
[SourceDate "2023.01.31"]
[SourceVersion "1"]
[SourceVersionDate "2023.01.31"]
[SourceQuality "1"]

1. d4 d5 2. c4 e6 3. Nc3 Be7 4. Bf4 Nf6 5. e3 0-0 6. a3 b6 7. Nb5 Na6 8. Nf3 Bb7 9. Rc1 c6 10. Nc3 Nc7 11. Bd3 dxc4 12. Bxc4 Ncd5 13. Nxd5 Nxd5 14. Bg3 c5 15. dxc5 Bxc5 16. Qe2 Rc8 17. 0-0 Qe7 18. e4 Nc7 19. b4 b5 20. bxc5 bxc4 21. Bd6 Qe8 22. Qe3 Ba6 23. Rfd1 f6 24. Bxf8 Qxf8 25. c6 Ne8 26. Qxa7 Rxc6 27. e5 Bb5 28. Nd4 Rc7 29. Qb6 Ba4 30. Re1 Qf7 31. exf6 Nxf6 32. Nxe6 Rc8 33. h3 c3 34. Qd4 Bb3 35. Nc5 Qc4 36. Qxc4+ Bxc4 37. Rxc3 Rxc5 38. Rec1 Ra5 39. Rxc4 Rxa3 40. Rc7 h6 41. Rb7 Ra5 42. Kh2 h5 43. Rcc7 Rg5 44. f4 Rg6 45. Rc8+ Kh7 46. Rbb8 1-0

[Event "Los Angeles Labor Day IM"]
[Site "Los Angeles"]
[Date "2022.09.03"]
[Round "5"]
[White "Narayanan, Samrug"]
[Black "Zaloznyy, Mike"]
[Result "1-0"]
[WhiteElo "2354"]
[BlackElo "2268"]
[PlyCount "127"]
[EventDate "2022.09.01"]
[EventType "tourn"]
[EventRounds "9"]
[EventCountry "USA"]
[EventCategory "2"]
[SourceTitle "CBM 210 Extra"]
[Source "ChessBase"]
[SourceDate "2022.11.30"]
[SourceVersion "1"]
[SourceVersionDate "2022.11.30"]
[SourceQuality "1"]

1. e4 d6 2. d4 Nf6 3. Nc3 e5 4. Nge2 Be7 5. g3 h5 6. h3 exd4 7. Nxd4 d5 8. e5 Ne4 9. Nxe4 dxe4 10. Bg2 Qd5 11. 0-0 h4 12. g4 Na6 13. Re1 Nc5 14. Nb5 Qc6 15. Nc3 Qe6 16. Nd5 Bd8 17. Qd4 c6 18. Qxc5 cxd5 19. Rd1 Bd7 20. Qxd5 Qxd5 21. Rxd5 Bc6 22. Rd1 Bb6 23. Re1 0-0-0 24. Bg5 Rd4 25. Rad1 Rxd1 26. Rxd1 Bc7 27. Re1 Bxe5 28. c3 f6 29. Bxe4 fxg5 30. Bf5+ Kc7 31. Rxe5 Rd8 32. Re1 Rd2 33. Be4 Rxb2 34. Bxc6 Kxc6 35. Re6+ Kd5 36. Rg6 Rxa2 37. Rxg5+ Ke4 38. Rxg7 b5 39. Re7+ Kd3 40. Re3+ Kd2 41. Kg2 Ra6 42. Re5 Rb6 43. f4 Kxc3 44. f5 b4 45. g5 b3 46. g6 b2 47. Re1 b1Q 48. Rxb1 Rxb1 49. g7 Rb2+ 50. Kf3 Rb8 51. f6 Rg8 52. Ke4 a5 53. Kf5 a4 54. Kg6 a3 55. f7 a2 56. fxg8Q a1Q 57. Qc8+ Kd2 58. g8Q Qg1+ 59. Kh7 Qb1+ 60. Qg6 Qb4 61. Qcc2+ Ke3 62. Qgd3+ Kf4 63. Qf2+ Ke5 64. Qff5# 1-0

[Event "Los Angeles Labor Day IM"]
[Site "Los Angeles"]
[Date "2022.09.02"]
[Round "4"]
[White "Preotu, Razvan"]
[Black "Narayanan, Samrug"]
[Result "1/2-1/2"]
[WhiteElo "2450"]
[BlackElo "2354"]
[PlyCount "120"]
[EventDate "2022.09.01"]
[EventType "tourn"]
[EventRounds "9"]
[EventCountry "USA"]
[EventCategory "2"]
[SourceTitle "CBM 210 Extra"]
[Source "ChessBase"]
[SourceDate "2022.11.30"]
[SourceVersion "1"]
[SourceVersionDate "2022.11.30"]
[SourceQuality "1"]

1. e4 e5 2. Nf3 Nc6 3. Bc4 Bc5 4. c3 Nf6 5. d3 0-0 6. 0-0 d5 7. exd5 Nxd5 8. Re1 Bg4 9. h3 Bh5 10. Nbd2 Nb6 11. Bb3 Qxd3 12. Nxe5 Qf5 13. Nef3 Rad8 14. Qe2 Nd5 15. Ne4 Bxf3 16. Qxf3 Qxf3 17. gxf3 Bb6 18. Kf1 Nde7 19. a4 h6 20. Bc2 a5 21. Be3 Bxe3 22. fxe3 b6 23. Rad1 g6 24. f4 Kg7 25. Kf2 Rxd1 26. Bxd1 Rd8 27. Bf3 Rd7 28. Ng3 Nd8 29. Ke2 Ne6 30. Be4 f5 31. Bc2 Nd5 32. Rd1 c6 33. Kf3 Nc5 34. h4 Ne7 35. Rxd7 Nxd7 36. h5 Nf6 37. hxg6 Kxg6 38. Ne2 c5 39. Bd3 Nc8 40. Ng3 Nd6 41. Ke2 h5 42. Kf3 Nfe8 43. Kg2 Nf6 44. Kf3 Nfe8 45. Kf2 Nf6 46. Kg2 Ng4 47. Kf3 Nf6 48. Nf1 Nfe4 49. Be2 c4 50. Bd1 h4 51. Kg2 Nb7 52. Bc2 Nbc5 53. Kh3 Nd3 54. Kxh4 Nxb2 55. Ng3 Nd3 56. Nxe4 fxe4 57. Kg4 Nf2+ 58. Kg3 Nd3 59. Kg4 Nf2+ 60. Kg3 Nd3 1/2-1/2

[Event "Los Angeles Labor Day IM"]
[Site "Los Angeles"]
[Date "2022.09.01"]
[Round "1"]
[White "Heimann, Mark A"]
[Black "Narayanan, Samrug"]
[Result "1/2-1/2"]
[WhiteElo "2401"]
[BlackElo "2354"]
[PlyCount "87"]
[EventDate "2022.09.01"]
[EventType "tourn"]
[EventRounds "9"]
[EventCountry "USA"]
[EventCategory "2"]
[SourceTitle "CBM 210 Extra"]
[Source "ChessBase"]
[SourceDate "2022.11.30"]
[SourceVersion "1"]
[SourceVersionDate "2022.11.30"]
[SourceQuality "1"]

1. c4 e6 2. Nf3 Nf6 3. g3 d5 4. Bg2 dxc4 5. Qc2 Nbd7 6. 0-0 c5 7. Na3 b6 8. Ne5 Nd5 9. Qa4 Qc7 10. Naxc4 a6 11. Nxd7 Bxd7 12. Qb3 b5 13. Ne3 Nxe3 14. Qxe3 Bc6 15. Bxc6+ Qxc6 16. b3 h5 17. h4 f6 18. Ba3 c4 19. Bxf8 Rxf8 20. Rfc1 Qd5 21. bxc4 bxc4 22. Rc3 Rf7 23. Rac1 Rc7 24. d3 Rac8 25. Qf4 Kf7 26. dxc4 Qa5 27. a3 Rc5 28. Rd3 Qa4 29. Qe4 R8c7 30. Rd6 Re5 31. Qd3 Rec5 32. Qh7 Rd7 33. Rxd7+ Qxd7 34. Qd3 Qc7 35. Qf3 Rf5 36. Qb3 Qc5 37. e3 Qc6 38. Qd1 Rc5 39. Rc3 Ke7 40. Qd4 Qc7 41. Qe4 Kf7 42. Qa8 Rxc4 43. Rb3 Qc6 44. Qxc6 1/2-1/2

[Event "Ottawa Eastern Ontario"]
[Site "Ottawa"]
[Date "2022.06.10"]
[Round "4"]
[White "Sambuev, Bator"]
[Black "Narayanan, Samrug"]
[Result "1-0"]
[WhiteElo "2497"]
[BlackElo "2348"]
[PlyCount "65"]
[EventDate "2022.06.08"]
[EventType "tourn"]
[EventRounds "9"]
[EventCountry "CAN"]
[EventCategory "6"]
[SourceTitle "CBM 208 Extra"]
[Source "ChessBase"]
[SourceDate "2022.07.31"]
[SourceVersion "1"]
[SourceVersionDate "2022.07.31"]
[SourceQuality "1"]

1. d4 d5 2. Nf3 Nf6 3. e3 e6 4. Bd3 c5 5. b3 b6 6. 0-0 Bb7 7. Bb2 Nc6 8. a3 Rc8 9. Nbd2 cxd4 10. exd4 g6 11. c4 Bg7 12. c5 a5 13. b4 axb4 14. axb4 Nxb4 15. Bb5+ Nd7 16. cxb6 Nc6 17. Ba3 Bf8 18. Qb3 Bxa3 19. Qxa3 f6 20. Nb3 Kf7 21. Nc5 Nxc5 22. dxc5 e5 23. Qb3 Kg7 24. Rfd1 d4 25. Nd2 f5 26. Bxc6 Bxc6 27. Ra7+ Kh6 28. Qh3+ Kg5 29. Nc4 Kf6 30. f4 Ke6 31. Nxe5 h6 32. Nxc6 Rxc6 33. Qb3+ 1-0